[Event "Kiev Spring op"]
[Site "Kiev"]
[Date "2023.03.29"]
[Round "6"]
[White "Alexikov, Alexander"]
[Black "Tretyak, Kyryl"]
[Result "1/2-1/2"]
[WhiteElo "2223"]
[BlackElo "1487"]
[PlyCount "128"]
[EventDate "2023.03.25"]
[EventType "swiss"]
[EventRounds "9"]
[EventCountry "UKR"]
[SourceTitle "EXT 2024"]
[Source "ChessBase"]
[SourceDate "2023.10.10"]
[SourceVersion "1"]
[SourceVersionDate "2023.10.10"]
[SourceQuality "1"]

1. e4 e6 2. d4 d5 3. Nc3 Nf6 4. Bg5 Be7 5. e5 Nfd7 6. Bxe7 Qxe7 7. f4 a6 8. Nf3 c5 9. dxc5 Nxc5 10. a3 Bd7 11. Bd3 Nxd3+ 12. cxd3 Nc6 13. 0-0 g6 14. Rc1 Qc5+ 15. d4 Qa7 16. b4 0-0 17. Rf2 Rac8 18. Rfc2 Ne7 19. Qd2 Rc4 20. Nd1 Rfc8 21. Ne3 Rxc2 22. Rxc2 Qb8 23. g4 Rxc2 24. Qxc2 Qc8 25. Qd2 Bb5 26. Kf2 Qd7 27. Kg3 Bc4 28. Kf2 Kf8 29. Ng5 Kg7 30. Nf3 Kf8 31. Qc2 Qc8 32. Ke1 Bb5 33. Qd2 Kg8 34. Kf2 Bc4 35. Kg2 Qd7 36. h3 Qa4 37. Qc3 Qb3 38. Qxb3 Bxb3 39. Kf2 Nc6 40. Nf1 Bd1 41. N1d2 a5 42. bxa5 Bxf3 43. Nxf3 Nxa5 44. Nd2 Kf8 45. Ke2 b5 46. f5 Nc4 47. Nb1 gxf5 48. gxf5 Kg7 49. Kf3 Kh6 50. Kf4 Kh5 51. f6 Kh4 52. Nc3 Nxa3 53. Nxd5 Nc2 54. Nc7 Nxd4 55. Ke4 Nb3 56. Nxb5 Kxh3 57. Nd6 Kg4 58. Nxf7 Kh5 59. Kf4 Nc5 60. Ng5 Kg6 61. Nf3 h6 62. Nh4+ Kf7 63. Ke3 Nd7 64. Kd4 Nxf6 1/2-1/2